[Event "4.liga A21 2009/2010"]
[Site "Slovakia"]
[Date "2010.03.07"]
[Round "10.1"]
[White "Zlamal, Marek"]
[Black "Vagovic, Milan"]
[Result "1-0"]
[WhiteElo "1505"]
[BlackElo "1654"]
[PlyCount "83"]
[EventDate "2009.10.11"]
[EventRounds "11"]
[EventCountry "SVK"]
[SourceTitle "OM OTB B 201907"]
[Source "Opening Master"]
[SourceDate "2019.07.06"]
[SourceVersion "2"]
[SourceVersionDate "2019.07.06"]
[SourceQuality "1"]

1. e4 e5 2. Nf3 Nc6 3. c3 Nf6 4. d3 Be7 5. Be2 O-O 6. O-O Re8 7. h3 d6 8. Be3
Bf8 9. Nbd2 Ne7 10. Nh4 h6 11. b4 b6 12. b5 c5 13. c4 Kh7 14. f4 exf4 15. Rxf4
Neg8 16. Nf5 g6 17. Ng3 Bg7 18. Rc1 Qe7 19. Nb3 d5 20. cxd5 Nxd5 21. Rf3 Nxe3
22. Rxe3 Qg5 23. Rf3 Rd8 24. Nf1 Be6 25. Rg3 Qh4 26. Bg4 f5 27. exf5 gxf5 28.
Bh5 Nf6 29. Bf3 Rab8 30. Bc6 Rd6 31. Rf3 Rbd8 32. Ng3 Qg5 33. Qc2 Kh8 34. Rcf1
f4 35. Ne4 Nxe4 36. Bxe4 Be5 37. Nd2 c4 38. Nxc4 Bxc4 39. Qxc4 Bd4+ 40. Kh1 Be3
41. g3 fxg3 42. Rf8+ 1-0

[Event "FICS rated standard game"]
[Site "FICS freechess.org"]
[Date "2010.03.04"]
[Round "?"]
[White "VonLippe"]
[Black "KNIGHTCHESSSSS"]
[Result "1/2-1/2"]
[WhiteElo "2182"]
[BlackElo "2177"]
[PlyCount "103"]
[EventDate "2010.??.??"]
[SourceTitle "OM Portal C 201906"]
[Source "Opening Master"]
[SourceDate "2019.06.27"]
[SourceVersion "1"]
[SourceVersionDate "2019.06.27"]
[SourceQuality "1"]

1. e4 e5 2. Nf3 Nc6 3. c3 Nf6 4. Qa4 Be7 5. Bb5 O-O 6. O-O d6 7. Bxc6 bxc6 8.
d4 Nxe4 9. Qxc6 Bf5 10. dxe5 Nc5 11. Nbd2 Re8 12. Nd4 Bd7 13. Qd5 dxe5 14. Qxe5
Bd6 15. Qh5 Rb8 16. Nc4 g6 17. Qf3 Qe7 18. h3 Ne4 19. Re1 Ng5 20. Qe2 Ne6 21.
Nxd6 Qxd6 22. Be3 Nxd4 23. cxd4 Bc6 24. Rac1 Re7 25. b3 Ba8 26. Qc4 Rbe8 27.
Bd2 Rxe1+ 28. Rxe1 Rxe1+ 29. Bxe1 Qd5 30. Qxd5 Bxd5 31. f3 a6 32. Bh4 Kf8 33.
Kf2 Ke8 34. Ke3 Bc6 35. Bg5 Kd7 36. a3 Bd5 37. b4 Bc4 38. h4 f5 39. Kf4 Ke6 40.
Bd8 c6 41. Bb6 Bf1 42. g3 Kd5 43. h5 Be2 44. h6 Bd1 45. Ke3 Bb3 46. Bd8 Kd6 47.
Kd3 Bd1 48. f4 Kd5 49. Bf6 Ke6 50. Bg5 Kd5 51. Be7 Bg4 52. Bc5 1/2-1/2

[Event "OP-2010-0-01097"]
[Site "Lechenicher SchachServer"]
[Date "2010.03.01"]
[Round "?"]
[White "Tobey, Al"]
[Black "Szczepanski, Zbigniew"]
[Result "0-1"]
[WhiteElo "632"]
[BlackElo "800"]
[PlyCount "38"]
[EventDate "2010.02.24"]

1. e4 e5 2. Nf3 Nc6 3. c3 d5 4. Bb5 dxe4 5. Bxc6+ bxc6 6. Nxe5 Qg5 7. f4 Qxg2
8. Rf1 Be7 9. Qe2 Bh4+ 10. Kd1 Qxe2+ 11. Kxe2 f6 12. Nxc6 Ba6+ 13. Kd1 Bxf1 14.
Nd4 Ne7 15. Na3 c5 16. Nf5 Nxf5 17. Nc2 O-O-O 18. a3 e3 19. Ne1 e2+ 0-1

[Event "HUN-chT2 Barcza 0910"]
[Site "Hungary"]
[Date "2010.02.28"]
[Round "7.3"]
[White "Baranyai, Szabolcs Jr"]
[Black "Hegedus, Gyorgy"]
[Result "1-0"]
[WhiteElo "2269"]
[BlackElo "2141"]
[PlyCount "59"]
[EventDate "2009.11.08"]
[EventType "team-tourn"]
[EventRounds "11"]
[EventCountry "HUN"]
[SourceTitle "EXT 2011"]
[Source "ChessBase"]
[SourceDate "2010.11.26"]
[SourceVersion "1"]
[SourceVersionDate "2010.11.26"]
[SourceQuality "1"]
[WhiteTeam "HSSE"]
[BlackTeam "Debrecen Betu"]
[WhiteTeamCountry "HUN"]
[BlackTeamCountry "HUN"]

1. e4 e5 2. Nf3 Nc6 3. c3 d6 4. d4 Be7 5. h3 Nf6 6. Bd3 O-O 7. O-O h6 8. d5 Nb8
9. c4 Nbd7 10. Be3 Nh7 11. Nc3 Ng5 12. Nd2 b6 13. b4 a5 14. a3 Re8 15. Na4 Nf8
16. c5 axb4 17. cxb6 bxa3 18. Rxa3 cxb6 19. Bxb6 Qd7 20. Nc5 dxc5 21. Rxa8
Nxh3+ 22. gxh3 Qxh3 23. Qf3 Qh4 24. Qg3 Qh5 25. Re1 Bh4 26. Be2 Qxe2 27. Rxe2
Bxg3 28. fxg3 Nd7 29. Nc4 g6 30. Ba5 1-0

[Event "Grosseto 2nd"]
[Site "Grosseto"]
[Date "2010.02.26"]
[Round "8"]
[White "Humeau, Cyril"]
[Black "Richard, Sebastian"]
[Result "1/2-1/2"]
[WhiteElo "2188"]
[BlackElo "2200"]
[PlyCount "133"]
[EventDate "2010.02.22"]
[EventType "tourn"]
[EventRounds "9"]
[EventCountry "ITA"]
[SourceTitle "CBM 135 Extra"]
[Source "ChessBase"]
[SourceDate "2010.05.04"]
[SourceVersion "1"]
[SourceVersionDate "2010.05.04"]
[SourceQuality "1"]

1. e4 e5 2. Nf3 Nc6 3. c3 d5 4. Bb5 f6 5. Qa4 Nge7 6. exd5 Qxd5 7. O-O Bd7 8.
d4 exd4 9. cxd4 Ne5 10. Bxd7+ Qxd7 11. Qxd7+ Nxd7 12. Nc3 O-O-O 13. Re1 Nb6 14.
h3 Nc6 15. Be3 Bb4 16. a3 Bxc3 17. bxc3 Na5 18. Nd2 Nac4 19. Nxc4 Nxc4 20. a4
Rhe8 21. Kf1 Rd7 22. Ke2 Rde7 23. Kd3 Nb2+ 24. Kc2 Nc4 25. Kd3 Nb2+ 26. Kd2
Nc4+ 27. Kd3 Nb2+ 28. Ke2 Kd7 29. Ra2 Nc4 30. Kd3 Nxe3 31. Rxe3 Rxe3+ 32. fxe3
f5 33. g4 Rf8 34. Rf2 Ke6 35. gxf5+ Rxf5 36. Rg2 g6 37. Rg4 Rh5 38. h4 Ra5 39.
e4 Rxa4 40. h5 Kf7 41. hxg6+ hxg6 42. Rh4 Kg7 43. Rh1 Ra2 44. d5 a5 45. e5 a4
46. Rf1 Rh2 47. e6 a3 48. Rf7+ Kg8 49. Rxc7 a2 50. Rc8+ Kg7 51. Ra8 Kf6 52. c4
g5 53. c5 Ke7 54. Ra7 Kf6 55. e7 Kxe7 56. Rxb7+ Kf6 57. Ra7 Ke5 58. d6 Ke6 59.
Ke4 Re2+ 60. Kf3 Rc2 61. d7 a1=Q 62. Rxa1 Kxd7 63. Kg4 Rxc5 64. Ra6 Ke7 65. Rg6
Kf7 66. Rxg5 Rxg5+ 67. Kxg5 1/2-1/2

[Event "Izhevsk-ch"]
[Site "Izhevsk"]
[Date "2010.02.25"]
[Round "7"]
[White "Kostitsina, Liubov"]
[Black "Makarenko, Alexandra"]
[Result "1-0"]
[WhiteElo "1869"]
[BlackElo "1905"]
[PlyCount "55"]
[EventDate "2010.02.12"]
[EventType "swiss"]
[EventRounds "9"]
[EventCountry "RUS"]
[SourceTitle "EXT 2012"]
[Source "ChessBase"]
[SourceDate "2011.11.24"]
[SourceVersion "1"]
[SourceVersionDate "2011.11.24"]
[SourceQuality "1"]

1. e4 e5 2. Nf3 Nc6 3. c3 d5 4. Qa4 Bd7 5. exd5 Nd4 6. Qd1 Nxf3+ 7. Qxf3 Nf6 8.
Bc4 b5 9. Bb3 Bc5 10. O-O O-O 11. d3 Bg4 12. Qg3 Qd7 13. h3 Be2 14. Re1 Nh5 15.
Qh4 Bxd3 16. Qxh5 g6 17. Qh4 Qf5 18. Bh6 Rfe8 19. Nd2 Be7 20. Qg4 Qf6 21. Qf3
Bf5 22. Ne4 Qh4 23. Bd2 Rad8 24. Ng3 e4 25. Nxf5 exf3 26. Nxh4 Bxh4 27. Rxe8+
Rxe8 28. Be3 1-0

[Event "SLO-ch U14"]
[Site "Rogaska Slatina"]
[Date "2010.02.23"]
[Round "6"]
[White "Gnidovec, Tilen"]
[Black "Mikolic, Martin"]
[Result "1-0"]
[WhiteElo "1546"]
[BlackElo "1517"]
[PlyCount "35"]
[EventDate "2010.02.21"]
[EventType "swiss"]
[EventRounds "9"]
[EventCountry "SLO"]
[SourceTitle "EXT 2015"]
[Source "ChessBase"]
[SourceDate "2014.11.20"]
[SourceVersion "1"]
[SourceVersionDate "2014.11.20"]
[SourceQuality "1"]

1. e4 e5 2. Nf3 Nc6 3. c3 Nf6 4. d4 d6 5. Be2 Nxe4 6. d5 Ne7 7. Qa4+ c6 8. dxc6
bxc6 9. Qxe4 Bf5 10. Qa4 Qc7 11. O-O Nd5 12. Rd1 Kd8 13. c4 Nb6 14. Qb3 Rb8 15.
Nxe5 f6 16. Qf3 fxe5 17. Qxf5 Nc8 18. Qxe5 1-0

[Event "Open"]
[Site "Oban"]
[Date "2010.02.21"]
[Round "5"]
[White "Rocks, Daniel"]
[Black "Spencer, Edwin A"]
[Result "0-1"]
[WhiteElo "2030"]
[BlackElo "2095"]
[PlyCount "128"]
[EventDate "2010.03.30"]
[EventRounds "5"]
[EventCountry "SCO"]
[SourceTitle "OM OTB B 201907"]
[Source "Opening Master"]
[SourceDate "2019.07.06"]
[SourceVersion "2"]
[SourceVersionDate "2019.07.06"]
[SourceQuality "1"]

1. e4 e5 2. Nf3 Nc6 3. c3 Nf6 4. d4 exd4 5. e5 Ne4 6. Qe2 f5 7. exf6 d5 8. Ng5
Qxf6 9. Nxe4 dxe4 10. Qxe4+ Qe6 11. Qxe6+ Bxe6 12. Bb5 Bc5 13. O-O O-O 14. Bxc6
bxc6 15. Nd2 Rae8 16. cxd4 Bxd4 17. Nf3 Bb6 18. Be3 Bxe3 19. fxe3 Bd5 20. Nd4
Rxe3 21. Rac1 Re4 22. Nxc6 Re2 23. Rxf8+ Kxf8 24. Nb4 Rxg2+ 25. Kf1 Be4 26. Rc4
Rg4 27. Ke1 a5 28. Na6 c6 29. Nb8 Rg1+ 30. Kf2 Rg2+ 31. Kf1 Rxb2 32. Nd7+ Ke8
33. Nc5 Bd5 34. Rg4 Rxa2 35. Rxg7 Rxh2 36. Ra7 h5 37. Rxa5 h4 38. Na6 Kd7 39.
Nb4 Kd6 40. Kg1 Rh1+ 41. Kf2 Rb1 42. Nxd5 cxd5 43. Ra6+ Kc5 44. Rh6 Rb2+ 45.
Kg1 Rb4 46. Kf2 Re4 47. Kf3 Kd4 48. Kf2 Kd3 49. Ra6 Rf4+ 50. Ke1 d4 51. Ra2 Rg4
52. Ra3+ Ke4 53. Ke2 Rg2+ 54. Kf1 Rg3 55. Ra4 h3 56. Ra2 Rg2 57. Ra3 d3 58.
Ra4+ Ke3 59. Ra3 Rc2 60. Kg1 Ke2 61. Ra8 d2 62. Re8+ Kd1 63. Ra8 Kc1 64. Ra1+
Kb2 0-1

[Event "Novy Bor op"]
[Site "Novy Bor"]
[Date "2010.02.15"]
[Round "4"]
[White "Szablowski, Pawel"]
[Black "Plischki, Sebastian"]
[Result "1-0"]
[WhiteElo "2230"]
[BlackElo "2364"]
[PlyCount "63"]
[EventDate "2010.02.13"]
[EventType "swiss"]
[EventRounds "9"]
[EventCountry "CZE"]
[SourceTitle "CBM 134 Extra"]
[Source "ChessBase"]
[SourceDate "2010.03.03"]
[SourceVersion "1"]
[SourceVersionDate "2010.03.03"]
[SourceQuality "1"]

1. e4 e5 2. Nf3 Nc6 3. c3 Nf6 4. d4 exd4 5. e5 Nd5 6. cxd4 Bb4+ 7. Bd2 Bxd2+ 8.
Nbxd2 d6 9. Bb5 O-O 10. O-O Nce7 11. Qb3 Bf5 12. Rad1 a6 13. Bc4 Nb6 14. Rfe1
Nxc4 15. Nxc4 Be6 16. exd6 cxd6 17. Rxe6 fxe6 18. Nb6 Nd5 19. Nxa8 Qxa8 20. Ng5
Qc8 21. Re1 Re8 22. h4 h6 23. Nxe6 Qc6 24. Re4 Kh8 25. Ng5 Rxe4 26. Nxe4 Qc1+
27. Kh2 Qf4+ 28. Ng3 Qxh4+ 29. Kg1 Qxd4 30. Qxb7 Kh7 31. Qxa6 Qxb2 32. Qd3+ 1-0

[Event "BI-2009-F-00014"]
[Site "Lechenicher SchachServer"]
[Date "2010.02.15"]
[Round "?"]
[White "Bester, Kazimierz"]
[Black "Fuller, Christopher"]
[Result "0-1"]
[WhiteElo "702"]
[BlackElo "938"]
[PlyCount "152"]
[EventDate "2010.02.17"]

1. e4 e5 2. Nf3 Nc6 3. c3 Bd6 4. Bb5 Nf6 5. d3 O-O 6. Bd2 h6 7. O-O a6 8. Ba4
Re8 9. Be3 b6 10. b4 b5 11. Bb3 a5 12. a3 Ba6 13. Nh4 Rb8 14. Nf5 axb4 15. axb4
Ra8 16. Qf3 h5 17. Bg5 Be7 18. Qg3 Kf8 19. Bh6 Ng4 20. Nxg7 Nxh6 21. Nxh5 Bg5
22. f4 exf4 23. Nxf4 Ne5 24. Nd2 Neg4 25. h3 Ne5 26. Nh5 d6 27. d4 Nc4 28. Nxc4
bxc4 29. Bc2 c6 30. Ra5 d5 31. e5 Re6 32. Bd1 Bd2 33. Qg7+ Ke7 34. Nf6 Bxc3 35.
Qxh6 Bxd4+ 36. Kh1 Bxe5 37. Nxd5+ cxd5 38. Qg5+ f6 39. Qg7+ Kd6 40. Bf3 Kc6 41.
Bxd5+ Qxd5 42. Rxd5 Kxd5 43. Rd1+ Bd4 44. Qd7+ Rd6 45. Rxd4+ Kxd4 46. Qxd6+ Kc3
47. Qxf6+ Kxb4 48. Qb6+ Bb5 49. Qd6+ Ka4 50. Qd1+ Kb4 51. Qb1+ Kc5 52. Qf5+ Kb4
53. Qd5 Ra1+ 54. Kh2 c3 55. Qd6+ Kc4 56. Qc7+ Kd3 57. Qd6+ Kc4 58. Qc7+ Kd3 59.
Qg3+ Kc2 60. Qf2+ Kd3 61. Qf3+ Kc2 62. Qf2+ Kb3 63. Qf7+ Bc4 64. Qb7+ Ka3 65.
Qa7+ Kb2 66. Qb6+ Bb3 67. Qf2+ c2 68. g4 Rd1 69. g5 Rd5 70. g6 Kb1 71. Qb6 Rd2+
72. Kg3 Rd3+ 73. Kg4 c1=Q 74. g7 Qc4+ 75. Kg5 Rg3+ 76. Kh6 Qh4# 0-1

[Event "Budapest FS02 FM-B"]
[Site "Budapest"]
[Date "2010.02.14"]
[Round "9"]
[White "Hetesi, Zoltan"]
[Black "Szakacs, Aron"]
[Result "0-1"]
[WhiteElo "1528"]
[BlackElo "1847"]
[PlyCount "116"]
[EventDate "2010.02.06"]
[EventType "tourn"]
[EventRounds "9"]
[EventCountry "HUN"]
[SourceTitle "CBM 135 Extra"]
[Source "ChessBase"]
[SourceDate "2010.05.04"]
[SourceVersion "1"]
[SourceVersionDate "2010.05.04"]
[SourceQuality "1"]

1. e4 e5 2. Nf3 Nc6 3. c3 d6 4. d4 exd4 5. cxd4 Nf6 6. d5 Ne5 7. Be2 Bd7 8. Nc3
Be7 9. Nd4 c6 10. f4 Ng6 11. O-O cxd5 12. exd5 O-O 13. Be3 a6 14. g4 h6 15. g5
hxg5 16. fxg5 Nh7 17. Bd3 Bxg5 18. Bf2 Bh3 19. Re1 Nf6 20. Bxg6 fxg6 21. Ne6
Bxe6 22. dxe6 Re8 23. Qb3 Re7 24. Rad1 Qc7 25. Bb6 Qc6 26. Nd5 Nxd5 27. Rxd5
Bf4 28. Re4 Be5 29. Rc4 Qe8 30. Rd1 Rc8 31. Rh4 Rxe6 32. Rg4 Bf6 33. Re4 Kf7
34. Rde1 Be5 35. Bd4 Bxd4+ 36. Rxd4 Rc7 37. Rde4 Rce7 38. Rxe6 Rxe6 39. Qxb7+
Re7 40. Rxe7+ Qxe7 41. Qxa6 Qg5+ 42. Kf2 Qf4+ 43. Kg2 Qd2+ 44. Kg1 Qxb2 45.
Qc4+ Ke7 46. Qc7+ Ke6 47. Qc8+ Kd5 48. Qa8+ Kc5 49. Qc8+ Kd4 50. Qg4+ Kd5 51.
Qf3+ Kc5 52. Qe3+ Qd4 53. Qxd4+ Kxd4 54. Kf1 Kc3 55. a4 Kb4 56. Ke2 Kxa4 57.
Kd3 Kb5 58. Kd4 Kc6 0-1

[Event "EU-chT Seniors 12th"]
[Site "Dresden"]
[Date "2010.02.12"]
[Round "3"]
[White "Scholze, Roland"]
[Black "Doetzel, Hartwig"]
[Result "0-1"]
[WhiteElo "2012"]
[BlackElo "1845"]
[PlyCount "136"]
[EventDate "2010.02.10"]
[EventType "team-swiss"]
[EventRounds "9"]
[EventCountry "GER"]
[SourceTitle "CBM 134 Extra"]
[Source "ChessBase"]
[SourceDate "2010.03.03"]
[SourceVersion "1"]
[SourceVersionDate "2010.03.03"]
[SourceQuality "1"]
[WhiteTeam "Stiftg BSW/DBAG (Seniors) IV"]
[BlackTeam "Dresden (Seniors) II"]
[WhiteTeamCountry "GER"]
[BlackTeamCountry "GER"]

1. e4 e5 2. Nf3 Nc6 3. c3 Nf6 4. d4 d5 5. dxe5 Nxe4 6. Be3 Bc5 7. Bxc5 Nxc5 8.
Bb5 O-O 9. O-O Bg4 10. Bxc6 bxc6 11. Nbd2 Re8 12. h3 Bxf3 13. Nxf3 Rb8 14. b4
Ne6 15. Qa4 Qd7 16. Nd4 Nxd4 17. cxd4 Rb5 18. Rac1 a5 19. bxa5 Ra8 20. Rc3
Raxa5 21. Qc2 c5 22. a4 Rb4 23. Rxc5 Rxc5 24. Qxc5 Rxa4 25. Rc1 h6 26. f4 g5
27. fxg5 hxg5 28. Rb1 Rc4 29. Rb8+ Kh7 30. Qf8 Rc1+ 31. Kh2 Kg6 32. Qh8 Kf5 33.
Qf6+ Ke4 34. Qf3+ Kxd4 35. Qe2 Qc6 36. Rb4+ Rc4 37. Rb3 Kc5 38. Qf2+ d4 39.
Qxf7 Rc3 40. Qe7+ Kd5 41. Rb4 Qe6 42. Qd8+ Kc6 43. Qxd4 Rc5 44. Qe4+ Rd5 45.
Rc4+ Kb6 46. Qe3+ c5 47. Re4 Kc6 48. Qxg5 Rd4 49. Re2 c4 50. Rf2 Kd5 51. Qf6
Qxe5+ 52. Qxe5+ Kxe5 53. Rf8 Rd5 54. Rc8 Kd4 55. g4 Rc5 56. Rd8+ Ke3 57. Re8+
Kf4 58. Rf8+ Kg5 59. Rf2 c3 60. Rc2 Kf4 61. Kg2 Ke3 62. Kg3 Kd3 63. Rxc3+ Rxc3
64. Kf4 Kd4 65. h4 Kd5 66. h5 Ke6 67. g5 Rc4+ 68. Kg3 Kf5 0-1

[Event "RN-00260"]
[Site "LSS"]
[Date "2010.02.12"]
[Round "?"]
[White "Bester, Kazimierz"]
[Black "Ventura, Bob"]
[Result "0-1"]
[WhiteElo "649"]
[BlackElo "595"]
[PlyCount "106"]
[EventDate "2010.01.29"]

1. e4 e5 2. Nf3 Nc6 3. c3 a6 4. d4 Qe7 5. d5 Nd8 6. Bg5 f6 7. Bh4 d6 8. a4 Nf7
9. a5 g5 10. Bg3 h5 11. h3 Bd7 12. b3 Bh6 13. h4 g4 14. Nfd2 f5 15. exf5 Bxf5
16. c4 e4 17. Be2 e3 18. Nf1 exf2+ 19. Bxf2 Be4 20. Rg1 Bg7 21. Ra2 Ngh6 22. g3
O-O 23. Ne3 Rae8 24. b4 Ne5 25. Ra3 Bf3 26. Nc3 Bxe2 27. Kxe2 Nf3 28. Rg2 Bd4
29. Nb1 Nf5 30. Qc1 Qe5 31. Rd3 Bb2 32. Qc2 N5d4+ 33. Rxd4 Nxd4+ 34. Kd3 Nxc2
35. Kxc2 Rf3 36. Nd1 Qe2+ 37. Nd2 Bd4 38. Bxd4 Qxg2 39. Kc1 Re2 40. Nxf3 Qxf3
41. Nc3 Re1+ 42. Kb2 Qxg3 43. c5 dxc5 44. Bxc5 Qg2+ 45. Kb3 g3 46. d6 cxd6 47.
Bxd6 Re3 48. Bc5 Rxc3+ 49. Kxc3 Qf3+ 50. Kc4 g2 51. Bd4 Qg4 52. Kc5 Qxd4+ 53.
Kxd4 g1=Q+ 0-1

[Event "SA Championship"]
[Site "Adelaide"]
[Date "2010.02.09"]
[Round "2.5"]
[White "Lang, Grahame"]
[Black "Mdinaradze, Edgar"]
[Result "0-1"]
[WhiteElo "1629"]
[BlackElo "1919"]
[PlyCount "62"]
[EventDate "2010.02.02"]
[EventRounds "9"]
[EventCountry "AUS"]
[SourceTitle "OM OTB B 201907"]
[Source "Opening Master"]
[SourceDate "2019.07.06"]
[SourceVersion "2"]
[SourceVersionDate "2019.07.06"]
[SourceQuality "1"]

1. e4 e5 2. Nf3 Nc6 3. c3 Be7 4. d3 Nf6 5. Be2 O-O 6. Qc2 d5 7. O-O h6 8. a3 a5
9. a4 Re8 10. Na3 Bg4 11. Nb5 Bf8 12. Kh1 Qd7 13. Nh4 Ne7 14. f4 Bxe2 15. Qxe2
dxe4 16. dxe4 exf4 17. Bxf4 Ned5 18. Qf3 Nxf4 19. Qxf4 Rxe4 20. Qf2 Rae8 21.
Rad1 Qg4 22. Rd4 c6 23. h3 Qh5 24. g4 Qe5 25. Nf3 Qb8 26. g5 Nh5 27. Rxe4 Rxe4
28. Ne5 Rf4 29. Qh2 Rxf1+ 30. Kg2 Rf5 31. Nd4 Rxg5+ 0-1

[Event "FRA-chT Top 12 (Women)"]
[Site "Chalons en Champagne"]
[Date "2010.02.07"]
[Round "1"]
[White "Armas, Lena"]
[Black "Kambrath, Linda"]
[Result "1-0"]
[WhiteElo "1805"]
[BlackElo "1995"]
[PlyCount "71"]
[EventDate "2010.06.07"]
[EventType "team-match"]
[EventRounds "2"]
[EventCountry "FRA"]
[SourceTitle "EXT 2011"]
[Source "ChessBase"]
[SourceDate "2010.11.26"]
[SourceVersion "1"]
[SourceVersionDate "2010.11.26"]
[SourceQuality "1"]

1. e4 e5 2. Nf3 Nc6 3. c3 d5 4. Bb5 Bg4 5. Qa4 Qd6 6. Bxc6+ bxc6 7. Nxe5 Bd7 8.
Nxd7 Qxd7 9. O-O Be7 10. e5 Nh6 11. Qf4 O-O 12. d4 f6 13. Qg3 Nf5 14. Qd3 fxe5
15. dxe5 Bc5 16. Nd2 Qe6 17. Nf3 Rf7 18. Ng5 Qxe5 19. Nxf7 Kxf7 20. Bd2 Bd6 21.
g3 Kg8 22. Bf4 Qf6 23. Bxd6 Nxd6 24. Rae1 Rf8 25. Qe3 Ne4 26. f3 Nd6 27. Qe6+
Qxe6 28. Rxe6 Kf7 29. Rfe1 Re8 30. Rxe8 Nxe8 31. Kf2 Nd6 32. Ke2 Nc4 33. b3 Nd6
34. Kd3 c5 35. Re5 c6 36. c4 1-0

[Event "16. LSS No Engine Cup Preliminary 5"]
[Site "Lechenicher SchachServer"]
[Date "2010.02.07"]
[Round "?"]
[White "Jaszczowski, Zdzislaw"]
[Black "Basson, Heinrich"]
[Result "0-1"]
[WhiteElo "755"]
[BlackElo "1287"]
[PlyCount "42"]
[EventDate "2010.02.08"]

1. e4 e5 2. Nf3 Nc6 3. c3 Nf6 4. Bb5 Nxe4 5. O-O Nd6 6. d4 Nxb5 7. d5 Ne7 8.
Nxe5 Nd6 9. Bg5 b5 10. Qf3 h6 11. Bh4 Bb7 12. Re1 g5 13. Bg3 Bg7 14. Nd2 O-O
15. Ng4 f5 16. Bxd6 fxg4 17. Qxg4 cxd6 18. Ne4 Bxd5 19. Nxd6 Qb6 20. Qxd7 Qxf2+
21. Kh1 Qxg2# 0-1

[Event "16. LSS No Engine Cup Preliminary 5"]
[Site "Lechenicher SchachServer"]
[Date "2010.02.07"]
[Round "?"]
[White "Jaszczowski, Zdzislaw"]
[Black "Reede, Arvo"]
[Result "1/2-1/2"]
[WhiteElo "755"]
[BlackElo "1403"]
[PlyCount "116"]
[EventDate "2010.02.08"]

1. e4 e5 2. Nf3 Nc6 3. c3 Nf6 4. d4 Nxe4 5. dxe5 Bc5 6. Be3 Bxe3 7. fxe3 d5 8.
exd6 Nxd6 9. Be2 O-O 10. O-O Bf5 11. Nd4 Nxd4 12. exd4 Qg5 13. Nd2 Ne4 14. Nxe4
Bxe4 15. Bf3 Bxf3 16. Qxf3 c6 17. Rae1 Rad8 18. Re5 Qd2 19. Re2 Qh6 20. Re7 Qg6
21. Qe3 h5 22. Rxb7 Rb8 23. Qe7 Rxb7 24. Qxb7 a5 25. b4 axb4 26. Qxb4 h4 27. h3
Qg3 28. a4 Qe3+ 29. Kh1 Qe2 30. Qb1 g6 31. a5 Kg7 32. Re1 Qd2 33. Qa1 Ra8 34.
Rg1 Qg5 35. a6 c5 36. dxc5 Qxc5 37. Rf1 Qc4 38. a7 Rxa7 39. Qe1 Re7 40. Qc1 Qd3
41. c4 Re3 42. Qa1+ Qc3 43. Qxc3+ Rxc3 44. Rf4 g5 45. Rd4 Rc1+ 46. Kh2 Kf6 47.
Rd6+ Ke7 48. Rc6 Kd7 49. Rc5 f6 50. Rd5+ Ke6 51. Rd4 Ke5 52. Rg4 Kd6 53. Re4 f5
54. Rd4+ Kc6 55. Rd5 Rxc4 56. Rxf5 Rc5 57. Rf6+ Kb5 58. Rf2 Kc6 1/2-1/2

[Event "Nova Gorica op-B 15th"]
[Site "Nova Gorica"]
[Date "2010.02.04"]
[Round "7"]
[White "Brank, Bine"]
[Black "Picco, Ruggero"]
[Result "0-1"]
[WhiteElo "1901"]
[BlackElo "2062"]
[PlyCount "26"]
[EventDate "2010.01.31"]
[EventType "swiss"]
[EventRounds "9"]
[EventCountry "SLO"]
[SourceTitle "CBM 134 Extra"]
[Source "ChessBase"]
[SourceDate "2010.03.03"]
[SourceVersion "1"]
[SourceVersionDate "2010.03.03"]
[SourceQuality "1"]

1. e4 e5 2. Nf3 Nc6 3. c3 Nf6 4. d4 exd4 5. e5 Nd5 6. cxd4 Bb4+ 7. Bd2 Bxd2+ 8.
Nbxd2 d6 9. Bd3 dxe5 10. dxe5 Ne3 11. Qe2 Nxg2+ 12. Kd1 Nf4 13. Qe3 Nxd3 0-1

[Event "FICS rated standard game"]
[Site "FICS freechess.org"]
[Date "2010.02.04"]
[Round "?"]
[White "Pawns"]
[Black "drinkeh"]
[Result "1-0"]
[WhiteElo "2130"]
[BlackElo "2079"]
[PlyCount "33"]
[EventDate "2010.??.??"]
[SourceTitle "OM Portal C 201906"]
[Source "Opening Master"]
[SourceDate "2019.06.27"]
[SourceVersion "1"]
[SourceVersionDate "2019.06.27"]
[SourceQuality "1"]

1. e4 e5 2. Nf3 Nc6 3. c3 d5 4. Qa4 f6 5. Bb5 Nge7 6. exd5 Qxd5 7. O-O e4 8. c4
Qh5 9. Nd4 Bd7 10. Nc3 O-O-O 11. Nb3 a6 12. d4 exd3 13. Bxa6 bxa6 14. Qxa6+ Kb8
15. Bf4 Nc8 16. Nd5 Bd6 17. Nc5 1-0

[Event "joxx's mini-tournament I"]
[Site "http://gameknot.com/chess.pl?"]
[Date "2010.02.03"]
[Round "?"]
[White "Dawnjones"]
[Black "Joxx"]
[Result "0-1"]
[WhiteElo "2161"]
[BlackElo "2162"]
[PlyCount "86"]
[EventDate "2010.??.??"]
[SourceTitle "OM Portal C 201906"]
[Source "Opening Master"]
[SourceDate "2019.06.27"]
[SourceVersion "1"]
[SourceVersionDate "2019.06.27"]
[SourceQuality "1"]

1. e4 e5 2. Nf3 Nc6 3. c3 Nf6 4. d4 exd4 5. e5 Nd5 6. Qb3 Nb6 7. cxd4 d6 8. Bb5
Be6 9. Qc2 Qd7 10. Nc3 a6 11. Bxc6 Qxc6 12. O-O h6 13. Bf4 Nd5 14. Qd2 g5 15.
Bg3 Nxc3 16. bxc3 O-O-O 17. Rfe1 d5 18. Rab1 Bf5 19. Rb3 Be7 20. h3 Rhg8 21.
Rc1 g4 22. hxg4 Rxg4 23. Re1 Be4 24. e6 Qxe6 25. Qb2 b6 26. Ne5 Rg7 27. c4 f6
28. cxd5 Qxd5 29. Rc3 Rxg3 30. Rxg3 fxe5 31. Qe2 exd4 32. Qxe4 Qxe4 33. Rxe4 d3
34. Rxd3 Rxd3 35. Rxe7 Rd1+ 36. Kh2 Rd2 37. Kg3 Rxa2 38. f4 Ra1 39. Kf2 Rd1 40.
f5 Rd6 41. Ke3 b5 42. Re4 c5 43. Rf4 Kd7 0-1

[Event "GER-ch40 final email"]
[Site "GER email"]
[Date "2010.02.02"]
[Round "?"]
[White "Anderskewitz, Ralf"]
[Black "Steinke, Ruediger"]
[Result "0-1"]
[WhiteElo "2111"]
[BlackElo "2195"]
[PlyCount "90"]
[EventDate "2010.02.08"]
[EventType "tourn (corr)"]
[EventRounds "12"]
[EventCountry "GER"]
[SourceTitle "OM Corr 202003"]
[Source "Opening Master"]
[SourceDate "2019.05.30"]
[SourceVersion "2"]
[SourceVersionDate "2019.05.30"]
[SourceQuality "1"]
[WhiteTeam "Germany"]
[BlackTeam "Germany"]
[WhiteTeamCountry "GER"]
[BlackTeamCountry "GER"]

1. e4 e5 2. Nf3 Nc6 3. c3 d5 4. Qa4 f6 5. d3 Nge7 6. Be2 Be6 7. O-O Qd7 8. Rd1
d4 9. Nbd2 a6 10. cxd4 exd4 11. b4 b5 12. Qc2 Nxb4 13. Qb2 c5 14. Nb3 Nec6 15.
a3 Bxb3 16. Qxb3 Na5 17. Qb2 Nbc6 18. Bf4 Bd6 19. Bxd6 Qxd6 20. Qa2 Ke7 21.
Rac1 Rhe8 22. Qc2 Nb7 23. Nd2 Rac8 24. g3 Kf8 25. Bg4 Rc7 26. f4 Kg8 27. Qa2+
Kh8 28. a4 Nb4 29. Qa3 Rb8 30. Nb3 Nc6 31. axb5 axb5 32. Qa6 g5 33. fxg5 Nbd8
34. Qa1 Ne5 35. Bf5 fxg5 36. Rc2 Ndf7 37. Qc1 c4 38. dxc4 Nf3+ 39. Kf2 bxc4 40.
Rxc4 Qh6 41. h3 Rxc4 42. Qxc4 N3e5 43. Qc2 g4 44. Nxd4 Qxh3 45. Ne2 Qh2+ 0-1

[Event "40. DFM/Finale"]
[Site "BdF-Schachserver"]
[Date "2010.02.02"]
[Round "?"]
[White "Anderskewitz, Ralf"]
[Black "Marotz, Hans Joachim"]
[Result "1/2-1/2"]
[WhiteElo "2111"]
[BlackElo "2134"]
[PlyCount "51"]
[EventDate "2010.02.08"]
[SourceTitle "OM Corr 202003"]
[Source "Opening Master"]
[SourceDate "2019.05.30"]
[SourceVersion "2"]
[SourceVersionDate "2019.05.30"]
[SourceQuality "1"]
[WhiteTeam "Germany"]
[BlackTeam "Germany"]
[WhiteTeamCountry "GER"]
[BlackTeamCountry "GER"]

1. e4 e5 2. Nf3 Nc6 3. c3 Nf6 4. d4 Nxe4 5. d5 Ne7 6. Nxe5 Ng6 7. Qe2 Qe7 8.
Qxe4 Qxe5 9. Qxe5+ Nxe5 10. Bf4 Bd6 11. Nd2 b6 12. O-O-O O-O 13. g3 Ng4 14.
Bxd6 cxd6 15. Ne4 f5 16. Bh3 fxe4 17. Bxg4 Rxf2 18. Rd2 e3 19. Rxf2 exf2 20.
Kd2 Ba6 21. Be2 Bb7 22. c4 b5 23. Ke3 bxc4 24. Bxc4 Rf8 25. Rf1 Rc8 26. b3
1/2-1/2